Vstupná kontrola a variabilita kvalitatívnych parametrov zberového papiera diplomová práca

Na minha lista:
Detalhes bibliográficos
Autor principal: Karlíková, Kristína
Formato: Livro
Idioma:eslovaco
Publicado em: Bratislava STU FCHPT 2019
Acesso em linha:View in OPAC
Tags: Adicionar Tag
Sem tags, seja o primeiro a adicionar uma tag!

MARC

LEADER 00000nam a2200000 a 4500
005 20260127134421.0
008 190709 2019 xo a 001 0 slo d
035 |a vtls011875780 
039 9 |y 201907091103  |z mschk03 
040 |a STUSCHK1  |b slo  |c STUSCHK1  |e AACR2 
100 1 |a Karlíková, Kristína 
245 1 |a Vstupná kontrola a variabilita kvalitatívnych parametrov zberového papiera  |b diplomová práca  |c Kristína Karlíková 
260 |a Bratislava  |b STU FCHPT  |c 2019 
300 |a 72 s.  |b Obr., tab., grafy 
500 |a Študijný program: prírodné a syntetické materiály 
500 |a Študijný odbor: chemické technológie 
500 |a Školiace pracovisko: Oddelenie dreva, celulózy a papiera 
500 |a Evid. číslo: FCHPT-13576-76846 
910 |a SCHK95 
999 |c 12301  |d 12301